| 000 | 00639nam a22001937a 4500 | ||
|---|---|---|---|
| 003 | OSt | ||
| 008 | 240227b2009 |||||||| |||| 00| 0 eng d | ||
| 020 | _a9780070221635 | ||
| 082 |
_a658.7 _bRAN-S |
||
| 100 | _aRangaraj, Narayan | ||
| 245 |
_aSupply chain management for competitive advantage : _bconcepts & cases / _cNarayan Rangaraj, G Raghuram and Mandyam M Srinivasan. |
||
| 260 |
_aNew Delhi : _bTata McGraw-Hill Publishing Company Limited , _c2009. |
||
| 300 | _axiv, 536 p. ; | ||
| 650 | _aBusiness logistics | ||
| 650 | _alogistics (Organization) | ||
| 700 | _aRaghuram, G | ||
| 700 | _aSrinivasan, Mandyam M | ||
| 942 |
_2ddc _cBK |
||
| 999 |
_c20367 _d20367 |
||